000 00254nam a2200109Ia 4500
008 190216s9999||||xx |||||||||||||| ||und||
100 _aJain M K
245 0 _aOrganic Chemistry
260 _bHimalaya Publishing House
_c1981
300 _a1199p
942 _cBK
999 _c2597
_d2597